| 000 | 00479pab a2200169 454500 | ||
|---|---|---|---|
| 008 | 180718b2002 xxu||||| |||| 00| 0 eng d | ||
| 100 | _aArora, Subhash C. | ||
| 245 | _aWoman contestants - a study of Rohtak Municipal Council Elections, April 2000 | ||
| 260 | _c2002 | ||
| 300 | _ap.29-36. | ||
| 362 | _aApr-Jun | ||
| 650 | _aWomen in politics - India - Haryana | ||
| 650 | _aWomen in politics | ||
| 700 | _aPrabhakar, R.K. | ||
| 773 | _aHuman settlements | ||
| 909 | _a56976 | ||
| 999 |
_c56976 _d56976 |
||